Billig's specialized catalogues. Norway, plating of the first issues (vol 3) (Record no. 1972)

000 -LEADER
fixed length control field 00345nam a22001097a 4500
008 - FIXED-LENGTH DATA ELEMENTS--GENERAL INFORMATION
fixed length control field 160502b xxu||||| |||| 00| 0 eng d
100 ## - MAIN ENTRY--AUTHOR'S NAME
Author's Name Jellestad, J.
245 ## - TITLE STATEMENT
Title Billig's specialized catalogues. Norway, plating of the first issues (vol 3)
260 ## - PUBLICATION, DISTRIBUTION, ETC. (IMPRINT)
Name of publisher, distributor, etc. Billig
Date of publication, distribution, etc. 1948
650 ## - TOPICAL TERM (Tag)
Topical term or geographic name Norway | First Issues | Plates and Plating
700 ## - SECONDARY AUTHOR, EDITOR OR ILLUSTRATOR
Personal Name Odfjell, A.
Holdings
Withdrawn status Lost status Source of classification or shelving scheme Damaged status Koha normalized classification for sorting Not for loan Permanent Location Current Location Date acquired Total Checkouts Full call number Barcode Date last seen Price effective from
        G6941 P717 B598   Northern Philatelic Library Northern Philatelic Library 05/02/2016   G6941 P717 B598 1002262 05/02/2016 05/02/2016

Powered by Koha